000 00771nam a2200229Ii 4500
003 JO-AjNU
008 230605s9999||||xx |||||||||||||| ||und||
017 _a2001/11435
020 _a977-01-7301-0
040 _aJO-AjNU
_bara
_erda
_cJO-AjNU
041 _aara
050 1 4 _aPJ7870 2001
100 3 _aعناني، محمد ,
_eauthor
_936837
245 0 0 _aالشعر المسرحي حاضره ومستقبله
264 3 1 _aالقاهرة: مكتبة الأسرة،2001 ؛ مهرجان القراءة للجميع 2001
300 _a77ص
336 _atext
_btxt
_2rdacontent
337 _aunmediated
_bn
_2rdamedia
338 _avolume
_bnc
_2rdacarrier
490 0 _aالأعمال الفكرية
650 4 _aالشعر العربي - شعر مسرحي
_936838
999 _aA15340
_c18908
_d18908